000 00372nam a2200145 i 4500
001 43353
003 ES-MaACL
005 20230906160757.0
007 t|
008 030317s1965 sp ||||1| lat d
245 0 0 _aCatalogus viceprovinciae centroamericanae...
260 _aBurgos :
_b[s.n.],
_c1965.
300 _a63 p. ;
_c21 cm.
852 _aES-MaACL
_jC-29618
_bR.57236
999 _c43353
_d43353